000 00967nam a2200241 a 4500
005 20231128063545.0
008 991125s1991 mx 000 0 spa u
020 _a9681636295 (10 dígitos)
020 _a9789681636296 (13 dígitos)
035 _aUPN01000008666
049 _aCG
050 4 _aF1219.3
_bC8.5
100 1 _aGruzinski, Serge
245 1 3 _aLa colonización de lo imaginario :
_bsociedades indígenas y occidentalización en el México españolsiglos XVI-XVIII /
_cSerge Gruzinki ; tr. Jorge Ferreiro.
260 _aMéxico :
_bFCE,
_c1991.
300 _a311 p.
440 0 _aSección de obras de historia
534 _pTítuto orginal:
_tLa colonization de l'imaginaire Sociétés indigénes et occidentalisation dans le Mexique espagnol XVe-XVIIe siécle
650 4 _aIndígenas de México
_xVida social y costumbres
_95132
650 7 _aAculturación
_2
_9164
650 4 _aIndígenas de México
_xReligión y mitología
_95903
905 _aLibro
999 _c8666
_d8666